000 00527nam a2200169 4500
001 119098
003 ES-MaACL
005 20230906191236.0
007 t|
008 070214s1907 fr r ||||1| fre d
100 1 _aPicavet, François.
_991806
245 1 0 _aEsquisse d'une histoire générale et comparée des philosophies médiévales /
_cpar François Picavet.
250 _a2e. éd. rev., corr. et augm.
260 _aParis :
_bFélix Alcan,
_c1907.
300 _aXXXIV, 335 p. ;
_c25 cm.
852 _aES-MaACL
_jF-11354
999 _c119098
_d119098